<?xml version="1.0" encoding="UTF-8"?>
<collection xmlns:xsi="http://www.w3.org/2001/XMLSchema-instance" xsi:schemaLocation="http://www.loc.gov/MARC21/slim http://www.loc.gov/standards/marcxml/schema/MARC21slim.xsd" xmlns="http://www.loc.gov/MARC21/slim">
 <record>
  <leader>00000cam a22000004a 4500</leader>
  <controlfield tag="001">UP-99796217608866344</controlfield>
  <controlfield tag="003">Buklod</controlfield>
  <controlfield tag="005">20090613170740.0</controlfield>
  <controlfield tag="006">m    |o  d |      </controlfield>
  <controlfield tag="007">ta</controlfield>
  <controlfield tag="008">090613s2004    xx     d     r    |||| u|</controlfield>
  <datafield tag="035" ind1=" " ind2=" ">
   <subfield code="a">(iLib)UPD-00102398486</subfield>
  </datafield>
  <datafield tag="040" ind1=" " ind2=" ">
   <subfield code="a">DCPA</subfield>
  </datafield>
  <datafield tag="041" ind1=" " ind2=" ">
   <subfield code="a">eng</subfield>
  </datafield>
  <datafield tag="042" ind1=" " ind2=" ">
   <subfield code="a">DMLUC</subfield>
  </datafield>
  <datafield tag="090" ind1=" " ind2="0">
   <subfield code="a">JQ 1431</subfield>
   <subfield code="b">N37 2004</subfield>
  </datafield>
  <datafield tag="111" ind1="2" ind2=" ">
   <subfield code="a">National Conference on Public Administration and the Millennium Development Goals</subfield>
   <subfield code="d">(2004</subfield>
   <subfield code="c">National College of Public Administration and Governance Assembly Hall, University of the Philippines, Diliman)</subfield>
  </datafield>
  <datafield tag="245" ind1="1" ind2="0">
   <subfield code="a">National Conference on Public Administration and the Millennium Development Goals</subfield>
   <subfield code="b">challenges and reforms for effective teaching and capacity building for service delivery, 18-19 October 2004, National College of Public Administration and Governance (NCPAG) Assembly Hall, University of the Philippines, Diliman, Quezon City. .</subfield>
  </datafield>
  <datafield tag="264" ind1=" " ind2="1">
   <subfield code="c">[2004].</subfield>
  </datafield>
  <datafield tag="300" ind1=" " ind2=" ">
   <subfield code="a">1 v. in various pagings</subfield>
   <subfield code="b">ill.</subfield>
  </datafield>
  <datafield tag="500" ind1=" " ind2=" ">
   <subfield code="a">Cover title.</subfield>
  </datafield>
  <datafield tag="505" ind1="0" ind2=" ">
   <subfield code="a">Public administration reforms in Asia and the Pacific toward the attainment of the millennium development goals / Patrick W. Keuleers -- Networking of public administration schools for poverty reduction : knowledge management for MDGs / Brahm Prakash -- The role of public administration in governance / Luis C. Liwanag -- The Philippines and the millennium development goals : government perspective / Erlinda M. Capones -- The Philippines and the millennium development goals : academe and civil society perspective / Leonor M. Briones -- Monitoring MDGs and beyond at the local level / Ma. Victoria Raquiza -- Financing the millennium development goals : the case of the Philippines / Rosario G. Manasan -- Public administration and the millennium development goals : government watch - Citizens' Action for Good Governance / Dondon Parafina -- Moving towards public service excellence thru ISO 9001 - aligned quality management system / Arnel D. Abanto -- Promoting ethics for good governance / Perla A. Segovia -- The fiscal crisis : a matter of life and debt / Leonor M. Briones -- Teaching and capacity building for millennium development goals : the Silliman University case / Carlos L. Magtolis -- Why worry about the MDG : the teaching of public administration in the Philippines / Ledivina V. Cariño -- Strengthening the academic curriculum for teaching public administration in the Philippines : building institutional capacities to attain millennium development goals / Joel V. Mangahas -- Methodologies of teaching public administration towards achievement of the millennium development goals / Juan C. Birion -- Local governance towards the millennium development goals / Austere Panadero -- Best practices in building resources for effective teaching and capacity building for MDGs / Ernesto M. de Chavez -- Current trends, efforts and challenges in building resources for higher education institutions in the Philippines / Ederlinda M. Fernandez -- Public administration research : building resources and partnerships / Francisco A. Magno -- Resource generation for poverty reduction and basic services : the Makati experience / Nicanor V. Santiago, Jr. -- The Career Executive Service towards the MDGs : putting love and compassion in the teaching of public administration / Mary Ann Z. Fernandez-Mendoza.</subfield>
  </datafield>
  <datafield tag="650" ind1=" " ind2="0">
   <subfield code="a">Public administration</subfield>
   <subfield code="z">Philippines</subfield>
   <subfield code="v">Congresses.</subfield>
  </datafield>
  <datafield tag="651" ind1=" " ind2="0">
   <subfield code="a">Philippines</subfield>
   <subfield code="x">Politics and government</subfield>
   <subfield code="v">Congresses.</subfield>
  </datafield>
  <datafield tag="651" ind1=" " ind2="0">
   <subfield code="a">Philippines</subfield>
   <subfield code="x">Economic conditions</subfield>
   <subfield code="v">Congresses.</subfield>
  </datafield>
  <datafield tag="905" ind1=" " ind2=" ">
   <subfield code="a">FI</subfield>
  </datafield>
  <datafield tag="950" ind1=" " ind2=" ">
   <subfield code="a">Meeting document</subfield>
  </datafield>
  <datafield tag="852" ind1="0" ind2=" ">
   <subfield code="a">UPD</subfield>
   <subfield code="b">DCPA</subfield>
   <subfield code="h">JQ 1431 N37 2004</subfield>
  </datafield>
  <datafield tag="942" ind1=" " ind2=" ">
   <subfield code="a">Book</subfield>
  </datafield>
 </record>
</collection>
